000 00374nam a22001337a 4500
003 SGT
020 _a81731527015
082 _a200
_bR99S
100 _aशर्मा, मनु
245 _a राजसूय यज्ञ : कृष्ण की आत्मकथा
260 _bप्रभात प्रकाशन
_c1999
300 _a309
942 _2ddc
_cBK
999 _c31671
_d31671